| 000 | 01088naa2a2200217 4500 | ||
|---|---|---|---|
| 001 | RU\NLR\BIBL_A\012692663 | ||
| 005 | 20240729214150.0 | ||
| 035 | _a(NLR Aleph) 012692663 | ||
| 090 |
_a12852142 _c12852142 |
||
| 100 | _a20220112d1790 u y0rusy50 ba | ||
| 101 | 1 |
_afre _cger |
|
| 102 | _aRU | ||
| 200 | 1 | _aExtrait de L'Epitre pastorale aux vrais & loyals F.M. de l'ancien systeme. 5785 | |
| 303 | _aÐвÑ.: Christian Heinrich Curt von Haugwitz. УÑÑановл. по: Drozdek A. The Fruits of Grace of Nikolay Repnin and Nikolay Kraevich // Slavia Orientalis. - T. 70, No. 3, 2021. - С. 477 | ||
| 463 | 0 |
_1001RU\NLR\BIBL_A\012681722 _12001#$aLes Fruits de la grace, ou Opuscules spirituels de deux amateurs de la sagesse$vС. 101-110 _912817365 _c[Moskva? _d1790 _nIvan VladimiroviÄ Lopuchin?] _p120 Ñ. _tLes Fruits de la grace, ou Opuscules spirituels de deux amateurs de la sagesse _vС. 101-110 |
|
| 700 | 1 |
_aHaugwitz _bC.H.C. von _f1752-1832 _gChristian Heinrich Curt von _4070 |
|
| 852 |
_aNLR _j16.117.2.69 |
||
| 942 | _cUNSPEC | ||
| 980 | _ain1719v | ||